| 000 | 00590nam a2200169 i 4500 | ||
|---|---|---|---|
| 001 | 62639 | ||
| 003 | ES-MaACL | ||
| 007 | t| | ||
| 008 | 031124s1952 sp ||||1| spa d | ||
| 100 | 1 |
_aFernández Casado, Carlos. _949558 |
|
| 245 | 1 | 0 |
_aCálculos de estructuras reticulares _b: nudos rígidos / _cpor Carlos Fernández Casado y José Luis Fernández Casado. |
| 250 | _a6a ed. amp. | ||
| 260 |
_aMadrid : _bDossat, _c1952 ( _fTip. Artística) |
||
| 300 |
_a499 p., 1 lám. : _bgráf. ; _c25 cm. |
||
| 700 | 1 |
_aFernández Casado, José Luis. _949560 |
|
| 852 |
_aES-MaACL _jC-8704 _bR.36981 |
||
| 999 |
_c62639 _d62639 |
||